| 000 | 00357nam a2200145Ia 4500 | ||
|---|---|---|---|
| 008 | 140626s9999 xx 000 0 und d | ||
| 100 | _aYost, Edward.. | ||
| 245 |
_aSolutions / _cEdward Yost ... [et al.]. |
||
| 260 | _cc2012. | ||
| 300 | _a57 : 9, page 27 | ||
| 440 | _aHR Magazine | ||
| 521 | _aBSBA | ||
| 650 | _aTechnological access. | ||
| 942 | _cSE | ||
| 999 |
_c121083 _d121083 |
||